|
|
|
|
| LEADER |
00000nam a22000007a 4500 |
| 005 |
20200306000218.0 |
| 007 |
cr|||| |||| |
| 008 |
200306s2017 co |||||s|||| 00||0 spa d |
| 020 |
|
|
|a 978-958-9348-72-7
|
| 035 |
|
|
|a 31152
|
| 040 |
|
|
|a vLex
|
| 090 |
|
|
|c 10189
|d 10189
|
| 100 |
1 |
|
|a Soto Hoyos, Juan Francisco
|
| 245 |
1 |
0 |
|a Restitucin̤ de tierras y derecho ambiental
|h [Recurso electrn̤ico] /
|c Juan Francisco Soto Hoyos
|
| 256 |
|
|
|a Servicio en ln̕ea
|
| 260 |
|
|
|a Bogot:̀
|b Comisin̤ Colombiana de Juristas,
|c 2017
|
| 300 |
|
|
|a 1 recurso electrn̤ico
|
| 506 |
1 |
|
|a Disponible solo en los productos indicados
|d vLex Global
|d vLex Global (Academic Edition, excluding Law Schools)
|d vLex Global (U.S. Academic Edition, Law Schools)
|d vLex Global (U.S. Academic Edition, excluding Law Schools)
|d vLex Global (Academic Edition, Law Schools)
|
| 650 |
0 |
4 |
|a Derecho Pb︢lico y Administrativo
|z Colombia
|
| 650 |
0 |
4 |
|a Derecho del Medio Ambiente
|z Colombia
|
| 740 |
0 |
|
|a vLex Libros (Servicio en ln̕ea)
|
| 856 |
4 |
0 |
|u http://vlex.com/source/restitucion-tierras-derecho-ambiental-31152
|z Acceso restringido
|
| 942 |
|
|
|c BOOK
|
| 999 |
0 |
|
|a Public and Administrative Law
|
| 999 |
0 |
|
|a Environmental Law
|